| Registos Bibliográficos associados ao registo de autoridade |
|
Etiqueta de registo: 00000nam 2200025 450 001 2053700 003 http://id.bnportugal.gov.pt/bib/catbnp/2053700 010 ## $a978-989-52-8572-3 021 ## $aPT$b471390/20 100 ## $a20200826d2020 c y0pory01030103ba 101 0# $apor 102 ## $aPT 105 ## $aa z 000fy 106 ## $ar 200 1# $aVerdinha$fPedro Pimenta$gil. Carmelita Falé 205 ## $a1ª ed 210 #9 $aLisboa$cFlamingo,$d2020 215 ## $a101 , [3] p.$cil.$d24 cm 675 ## $a087.5$vBN$zpor$3287999 675 ## $a821.134.3-93"20"$vBN$zpor$31046482 675 ## $a821.134.3-34"20"$vBN$zpor$31018838 700 #1 $92$aPimenta,$bPedro$31753179 702 #1 $aFalé,$bCarmelita$4440$31789193 801 #0 $aPT$bBN$gRPC 856 41 $uhttp://rnod.bnportugal.gov.pt/ImagesBN/winlibimg.aspx?skey=&doc=2053700&img=142826&save=true 900 ## $aBIBNAC$d20200928 966 ## $lBN$mFGMON$sP. 56406 V.$x1
Etiqueta de registo: 00254nam 2200025 450 001 2288267 003 http://id.bnportugal.gov.pt/bib/catbnp/2288267 010 ## $a978-972-8773-89-2 100 ## $a20260618d2026 m d0pory01030103ba 101 0# $apor 102 ## $aPT 105 ## $aa b 000yy 106 ## $ar 200 1# $aCarmelita Falé$egeometria das cores = geometry of colors$ftexto Sara Coelho, Vera Feu Guerreiro$gfot. Francisco Castelo 210 #9 $aLagos$cCâmara Municipal de Lagos,$dD.L. 2026 215 ## $a[40] p.$cil.$d20 cm 305 ## $aEd. bilingue wem português e inglês 702 #1 $aFalé,$bCarmelita$4040$31789193 702 #1 $94$aCoelho,$bSara$4070$31910013 702 #1 $aGuerreiro,$bVera Feu$4070$31991044 702 #1 $aCastelo,$bFrancisco$4600$3964937 801 #0 $aPT$bBN$gRPC 966 ## $lBN$mFGMON$x1 971 ## $cjbeatriz$d20260618
|
|
|